Southville International School and Colleges
Your cart is empty.
  • Cart
  • Lists
    Public lists Eva Luna New books Lux_list list_1
    Your lists Log in to create your own lists
  • Log in to your account
  • Your cookies
  • Search history
Southville International School and Colleges
  • Advanced search
  • Recent comments
  • Most popular
  • Libraries

Log in to your account

Log in with GOOGLE


If you do not have an external account, but do have a local account, you can still log in:

  1. Home
  2. MARC view: Aristotle on the art of poetry
Normal view MARC view ISBD view

Aristotle on the art of poetry (Record no. 236083)

[ view plain ]
MARC details
000 -LEADER
fixed length control field 00855cam a22002893a 4500
001 - CONTROL NUMBER
control field 6763
003 - CONTROL NUMBER IDENTIFIER
control field PGUSA
005 - DATE AND TIME OF LATEST TRANSACTION
control field 20140828083136.0
008 - FIXED-LENGTH DATA ELEMENTS--GENERAL INFORMATION
fixed length control field 041001s2004||||xxu|||||s|||||000 p eng d
040 ## - CATALOGING SOURCE
Original cataloging agency PGUSA
Language of cataloging eng
042 ## - AUTHENTICATION CODE
Authentication code dc
050 #4 - LIBRARY OF CONGRESS CALL NUMBER
Classification number PN
100 1# - MAIN ENTRY--PERSONAL NAME
Personal name Aristotle,
Dates associated with a name -384--322
245 10 - TITLE STATEMENT
Title Aristotle on the art of poetry
Medium [electronic resource] /
Statement of responsibility, etc Aristotle
260 ## - PUBLICATION, DISTRIBUTION, ETC. (IMPRINT)
Name of publisher, distributor, etc Project Gutenberg,
Date of publication, distribution, etc 2004
506 ## - RESTRICTIONS ON ACCESS NOTE
Terms governing access Public domain in the USA.
516 ## - TYPE OF COMPUTER FILE OR DATA NOTE
Type of computer file or data note Electronic text
653 ## - INDEX TERM--UNCONTROLLED
Uncontrolled term Music -- Philosophy and aesthetics
653 ## - INDEX TERM--UNCONTROLLED
Uncontrolled term Aesthetics -- Early works to 1800
653 ## - INDEX TERM--UNCONTROLLED
Uncontrolled term Poetry -- Early works to 1800
700 1# - ADDED ENTRY--PERSONAL NAME
Personal name Bywater, Ingram,
Dates associated with a name 1840-1914
700 1# - ADDED ENTRY--PERSONAL NAME
Personal name Murray, Gilbert,
Dates associated with a name 1866-1957
740 0# - ADDED ENTRY--UNCONTROLLED RELATED/ANALYTICAL TITLE
Uncontrolled related/analytical title Poetics. English
830 #0 - SERIES ADDED ENTRY--UNIFORM TITLE
Uniform title Project Gutenberg
Volume number/sequential designation 6763
856 40 - ELECTRONIC LOCATION AND ACCESS
Uniform Resource Identifier <a href="http://www.gutenberg.org/ebooks/6763">http://www.gutenberg.org/ebooks/6763</a>
942 ## - ADDED ENTRY ELEMENTS (KOHA)
Koha item type eBooks
Holdings
Withdrawn status Lost status Damaged status Home library Current library Date acquired Total Checkouts Date last seen Price effective from Koha item type
      Project Gutenberg Project Gutenberg 08/28/2014   08/28/2014 08/28/2014 eBooks

Aristotle on the art of poetry

APA

Aristotle, Bywater I. & Murray G. (2004). Aristotle on the art of poetry. : Project Gutenberg.

Chicago

Aristotle, Bywater Ingram and Murray Gilbert. 2004. Aristotle on the art of poetry. : Project Gutenberg.

Harvard

Aristotle, Bywater I. and Murray G. (2004). Aristotle on the art of poetry. : Project Gutenberg.

MLA

Aristotle, Bywater Ingram and Murray Gilbert. Aristotle on the art of poetry. : Project Gutenberg. 2004.

  • Place hold
  • Print
  • Cite
  • Add to your cart (remove)
  • Save record
    BIBTEX Dublin Core MARCXML MARC (non-Unicode/MARC-8) MARC (Unicode/UTF-8) MARC (Unicode/UTF-8, Standard) MODS (XML) RIS
  • More searches
    Search for this title in:
    Other Libraries (WorldCat) Other Databases (Google Scholar) Online Stores (Bookfinder.com) Open Library (openlibrary.org)

Exporting to Dublin Core...

SOUTHVILLE LIBRARY

Southville International School and Colleges Library

1281 Tropical Ave. Cor. Luxembourg St., BF Homes International, Las Pinas City

Tel. No. 8256374 / 252358 Loc. 117/146

Powered by Koha